Ethical choices in business (Record no. 188732)

MARC details
000 -LEADER
fixed length control field 00386nam a2200157Ia 4500
008 - FIXED-LENGTH DATA ELEMENTS--GENERAL INFORMATION
fixed length control field 231217s9999 xx 000 0 und d
020 ## - INTERNATIONAL STANDARD BOOK NUMBER
International Standard Book Number 791000000000
041 ## - LANGUAGE CODE
Language code of text/sound track or separate title English
082 ## - DEWEY DECIMAL CLASSIFICATION NUMBER
Classification number 650 SEK;2 R1
100 ## - MAIN ENTRY--PERSONAL NAME
Personal name Sekhar, R C.
245 #0 - TITLE STATEMENT
Title Ethical choices in business
260 ## - PUBLICATION, DISTRIBUTION, ETC.
Date of publication, distribution, etc. 2002
Name of publisher, distributor, etc. Icfai
Place of publication, distribution, etc. Hyderabad
300 ## - PHYSICAL DESCRIPTION
Extent 308
650 ## - SUBJECT ADDED ENTRY--TOPICAL TERM
Topical term or geographic name entry element Ethical,choices,business
942 ## - ADDED ENTRY ELEMENTS (KOHA)
Koha item type Books
Holdings
Date last seen Total checkouts Full call number Accession number Cost, total (INR) price Price effective from Category Public note Lost status Damaged status Department Withdrawn status Home library Current library Shelving location Entry date Vendor Cost, normal purchase price Grants Billnumber Billdate Currency symbol Conversion rate Discount Old discount
26/01/2024   650 SEK;2 R1 65352 38.00 26/01/2024 Books 65352     Central Library   Central Library Central Library Central Library 08/09/2010 ICFAI Press 38.00 MBA 1993 25/02/2014 RS 1    
26/01/2024   650 SEK;3 65353 38.00 26/01/2024 Books 65353     Central Library   Central Library Central Library Central Library 08/09/2010 ICFAI Press 38.00 MBA 1993 25/02/2014 RS 1    

© For any Suggestions or Query, please contact the library staff @ librarian@pes.edu or Phone: +9180 2672 1983/ 2108.